<?xml version="1.0" encoding="UTF-8"?>
<collection xmlns="http://www.loc.gov/MARC21/slim">
 <record>
  <leader>03900cam a2200817 c 4500</leader>
  <controlfield tag="001">1621085481</controlfield>
  <controlfield tag="003">DE-627</controlfield>
  <controlfield tag="005">20260421122618.0</controlfield>
  <controlfield tag="007">tu</controlfield>
  <controlfield tag="008">011211s2001    be ||||| m    00| ||eng c</controlfield>
  <datafield tag="020" ind1=" " ind2=" ">
   <subfield code="a">2503512321</subfield>
   <subfield code="9">2-503-51232-1</subfield>
  </datafield>
  <datafield tag="020" ind1=" " ind2=" ">
   <subfield code="a">9782503512327</subfield>
   <subfield code="9">978-2-503-51232-7</subfield>
  </datafield>
  <datafield tag="024" ind1="3" ind2=" ">
   <subfield code="a">9782503512327</subfield>
  </datafield>
  <datafield tag="035" ind1=" " ind2=" ">
   <subfield code="a">(DE-627)1621085481</subfield>
  </datafield>
  <datafield tag="035" ind1=" " ind2=" ">
   <subfield code="a">(DE-576)095934596</subfield>
  </datafield>
  <datafield tag="035" ind1=" " ind2=" ">
   <subfield code="a">(DE-599)BSZ095934596</subfield>
  </datafield>
  <datafield tag="035" ind1=" " ind2=" ">
   <subfield code="a">(OCoLC)1072297151</subfield>
  </datafield>
  <datafield tag="035" ind1=" " ind2=" ">
   <subfield code="a">(OCoLC)1072297151</subfield>
  </datafield>
  <datafield tag="035" ind1=" " ind2=" ">
   <subfield code="a">(OCoLC)248865889</subfield>
  </datafield>
  <datafield tag="040" ind1=" " ind2=" ">
   <subfield code="a">DE-627</subfield>
   <subfield code="b">ger</subfield>
   <subfield code="c">DE-627</subfield>
   <subfield code="e">rakwb</subfield>
  </datafield>
  <datafield tag="041" ind1=" " ind2=" ">
   <subfield code="a">eng</subfield>
  </datafield>
  <datafield tag="044" ind1=" " ind2=" ">
   <subfield code="c">XA-BE</subfield>
  </datafield>
  <datafield tag="082" ind1="0" ind2=" ">
   <subfield code="a">091</subfield>
  </datafield>
  <datafield tag="082" ind1="0" ind2=" ">
   <subfield code="a">745.6709445823090</subfield>
  </datafield>
  <datafield tag="084" ind1=" " ind2=" ">
   <subfield code="a">9,10</subfield>
   <subfield code="2">ssgn</subfield>
  </datafield>
  <datafield tag="084" ind1=" " ind2=" ">
   <subfield code="a">6,12</subfield>
   <subfield code="2">ssgn</subfield>
  </datafield>
  <datafield tag="084" ind1=" " ind2=" ">
   <subfield code="a">AM 57999</subfield>
   <subfield code="2">rvk</subfield>
   <subfield code="0">(DE-625)rvk/4382:</subfield>
  </datafield>
  <datafield tag="084" ind1=" " ind2=" ">
   <subfield code="a">AM 57357</subfield>
   <subfield code="q">OBV</subfield>
   <subfield code="2">rvk</subfield>
   <subfield code="0">(DE-625)rvk/4381:1806</subfield>
  </datafield>
  <datafield tag="084" ind1=" " ind2=" ">
   <subfield code="a">06.19</subfield>
   <subfield code="2">bkl</subfield>
  </datafield>
  <datafield tag="100" ind1="1" ind2=" ">
   <subfield code="a">Burin, Elizabeth</subfield>
   <subfield code="4">aut</subfield>
  </datafield>
  <datafield tag="245" ind1="1" ind2="0">
   <subfield code="a">Manuscript illumination in Lyons</subfield>
   <subfield code="b">1473 - 1530</subfield>
   <subfield code="c">Elizabeth Burin</subfield>
  </datafield>
  <datafield tag="264" ind1=" " ind2="1">
   <subfield code="a">Turnhout</subfield>
   <subfield code="b">Brepols</subfield>
   <subfield code="c">2001</subfield>
  </datafield>
  <datafield tag="300" ind1=" " ind2=" ">
   <subfield code="a">IX, 469 S.</subfield>
   <subfield code="b">zahlr. Ill.</subfield>
  </datafield>
  <datafield tag="336" ind1=" " ind2=" ">
   <subfield code="a">Text</subfield>
   <subfield code="b">txt</subfield>
   <subfield code="2">rdacontent</subfield>
  </datafield>
  <datafield tag="337" ind1=" " ind2=" ">
   <subfield code="a">ohne Hilfsmittel zu benutzen</subfield>
   <subfield code="b">n</subfield>
   <subfield code="2">rdamedia</subfield>
  </datafield>
  <datafield tag="338" ind1=" " ind2=" ">
   <subfield code="a">Band</subfield>
   <subfield code="b">nc</subfield>
   <subfield code="2">rdacarrier</subfield>
  </datafield>
  <datafield tag="490" ind1="1" ind2=" ">
   <subfield code="a">Ars nova</subfield>
   <subfield code="v">3</subfield>
  </datafield>
  <datafield tag="500" ind1=" " ind2=" ">
   <subfield code="a">Bibliogr. S. 285 - 307</subfield>
  </datafield>
  <datafield tag="502" ind1=" " ind2=" ">
   <subfield code="a">Teilw. zugl.: Cambridge, Univ., Diss.</subfield>
  </datafield>
  <datafield tag="583" ind1="1" ind2=" ">
   <subfield code="a">Archivierung/Langzeitarchivierung gewährleistet</subfield>
   <subfield code="f">SSG</subfield>
   <subfield code="x">XA-DE-BW</subfield>
   <subfield code="2">pdager</subfield>
   <subfield code="5">DE-16</subfield>
  </datafield>
  <datafield tag="583" ind1="1" ind2=" ">
   <subfield code="a">Archivierung prüfen</subfield>
   <subfield code="c">20240324</subfield>
   <subfield code="f">DE-4165</subfield>
   <subfield code="z">2</subfield>
   <subfield code="2">pdager</subfield>
  </datafield>
  <datafield tag="655" ind1=" " ind2="7">
   <subfield code="a">Hochschulschrift</subfield>
   <subfield code="0">(DE-588)4113937-9</subfield>
   <subfield code="0">(DE-627)105825778</subfield>
   <subfield code="0">(DE-576)209480580</subfield>
   <subfield code="2">gnd-content</subfield>
  </datafield>
  <datafield tag="689" ind1="0" ind2="0">
   <subfield code="d">g</subfield>
   <subfield code="0">(DE-588)4036770-8</subfield>
   <subfield code="0">(DE-627)106240978</subfield>
   <subfield code="0">(DE-576)209020296</subfield>
   <subfield code="a">Lyon</subfield>
   <subfield code="2">gnd</subfield>
  </datafield>
  <datafield tag="689" ind1="0" ind2="1">
   <subfield code="d">s</subfield>
   <subfield code="0">(DE-588)4008650-1</subfield>
   <subfield code="0">(DE-627)104318244</subfield>
   <subfield code="0">(DE-576)208877517</subfield>
   <subfield code="a">Buchmalerei</subfield>
   <subfield code="2">gnd</subfield>
  </datafield>
  <datafield tag="689" ind1="0" ind2="2">
   <subfield code="a">z</subfield>
   <subfield code="2">gnd</subfield>
   <subfield code="a">Geschichte 1473-1530</subfield>
  </datafield>
  <datafield tag="689" ind1="0" ind2=" ">
   <subfield code="5">(DE-627)</subfield>
  </datafield>
  <datafield tag="689" ind1="1" ind2="0">
   <subfield code="d">g</subfield>
   <subfield code="0">(DE-588)4036770-8</subfield>
   <subfield code="0">(DE-627)106240978</subfield>
   <subfield code="0">(DE-576)209020296</subfield>
   <subfield code="a">Lyon</subfield>
   <subfield code="2">gnd</subfield>
  </datafield>
  <datafield tag="689" ind1="1" ind2="1">
   <subfield code="d">s</subfield>
   <subfield code="0">(DE-588)4008650-1</subfield>
   <subfield code="0">(DE-627)104318244</subfield>
   <subfield code="0">(DE-576)208877517</subfield>
   <subfield code="a">Buchmalerei</subfield>
   <subfield code="2">gnd</subfield>
  </datafield>
  <datafield tag="689" ind1="1" ind2="2">
   <subfield code="a">z</subfield>
   <subfield code="2">gnd</subfield>
   <subfield code="a">Geschichte 1473-1530</subfield>
  </datafield>
  <datafield tag="689" ind1="1" ind2=" ">
   <subfield code="5">(DE-627)</subfield>
  </datafield>
  <datafield tag="751" ind1=" " ind2=" ">
   <subfield code="a">Cambridge</subfield>
   <subfield code="0">(DE-588)4009351-7</subfield>
   <subfield code="0">(DE-627)106363182</subfield>
   <subfield code="0">(DE-576)208882057</subfield>
   <subfield code="4">uvp</subfield>
  </datafield>
  <datafield tag="787" ind1="0" ind2="8">
   <subfield code="i">Rezensiert in</subfield>
   <subfield code="a">Zenker, Nina</subfield>
   <subfield code="t">[Rezension von: Elizabeth Burin, Manuscript illumination in Lyons 1473-1530]</subfield>
   <subfield code="d">2003</subfield>
   <subfield code="w">(DE-627)1920612297</subfield>
  </datafield>
  <datafield tag="787" ind1="0" ind2="8">
   <subfield code="i">Rezensiert in</subfield>
   <subfield code="a">Rudy, Kathryn M., 1969 - </subfield>
   <subfield code="t">[Rezension von: Elizabeth Burin, Manuscript illumination in Lyons. 1473-1530]</subfield>
   <subfield code="d">2004</subfield>
   <subfield code="w">(DE-627)1920773320</subfield>
  </datafield>
  <datafield tag="830" ind1=" " ind2="0">
   <subfield code="a">Ars nova</subfield>
   <subfield code="v">3</subfield>
   <subfield code="9">3</subfield>
   <subfield code="w">(DE-627)347751288</subfield>
   <subfield code="w">(DE-576)062262947</subfield>
   <subfield code="w">(DE-600)2078584-7</subfield>
   <subfield code="7">am</subfield>
  </datafield>
  <datafield tag="856" ind1="4" ind2="2">
   <subfield code="u">https://swbplus.bsz-bw.de/bsz095934596rez-1.htm</subfield>
   <subfield code="m">B:DE-576;DE-16</subfield>
   <subfield code="q">application/pdf</subfield>
   <subfield code="v">20081106095832</subfield>
   <subfield code="x">Verlag</subfield>
   <subfield code="3">Rezension</subfield>
   <subfield code="7">1</subfield>
  </datafield>
  <datafield tag="856" ind1="4" ind2="2">
   <subfield code="u">https://swbplus.bsz-bw.de/bsz095934596rez.htm</subfield>
   <subfield code="m">V:DE-576</subfield>
   <subfield code="v">2005-07-05</subfield>
   <subfield code="3">Rezension</subfield>
   <subfield code="7">1</subfield>
  </datafield>
  <datafield tag="856" ind1="4" ind2="2">
   <subfield code="u">http://www.sehepunkte.de/2003/03/1590.html</subfield>
   <subfield code="m">V:DE-576;X:Sehepunkte</subfield>
   <subfield code="q">text/html</subfield>
   <subfield code="v">20180424113611</subfield>
   <subfield code="3">Rezension</subfield>
   <subfield code="7">1</subfield>
  </datafield>
  <datafield tag="889" ind1=" " ind2=" ">
   <subfield code="w">(DE-627)34209422X</subfield>
  </datafield>
  <datafield tag="935" ind1=" " ind2=" ">
   <subfield code="i">mdedup</subfield>
  </datafield>
  <datafield tag="936" ind1="r" ind2="v">
   <subfield code="a">AM 57999</subfield>
   <subfield code="b">Zentren europäischer Buchmalerei</subfield>
   <subfield code="k">Allgemeines</subfield>
   <subfield code="k">Schrift und Handschriftenkunde. Schriftarten und Schreiben</subfield>
   <subfield code="k">Handschriftenkunde</subfield>
   <subfield code="k">Geschichte der Buchmalerei</subfield>
   <subfield code="k">Zentren europäischer Buchmalerei</subfield>
   <subfield code="0">(DE-627)1272083330</subfield>
   <subfield code="0">(DE-625)rvk/4382:</subfield>
   <subfield code="0">(DE-576)202083330</subfield>
  </datafield>
  <datafield tag="936" ind1="r" ind2="v">
   <subfield code="a">AM 57357</subfield>
   <subfield code="b">Südostfrankreich</subfield>
   <subfield code="k">Allgemeines</subfield>
   <subfield code="k">Schrift und Handschriftenkunde. Schriftarten und Schreiben</subfield>
   <subfield code="k">Handschriftenkunde</subfield>
   <subfield code="k">Geschichte der Buchmalerei</subfield>
   <subfield code="k">Buchmalerei einzelner Länder</subfield>
   <subfield code="k">Europa</subfield>
   <subfield code="k">Westeuropa</subfield>
   <subfield code="k">Frankreich, Französisches Sprachgebiet</subfield>
   <subfield code="k">Südostfrankreich</subfield>
   <subfield code="0">(DE-627)1273282140</subfield>
   <subfield code="0">(DE-625)rvk/4381:1806</subfield>
   <subfield code="0">(DE-576)203282140</subfield>
  </datafield>
  <datafield tag="936" ind1="b" ind2="k">
   <subfield code="a">06.19</subfield>
   <subfield code="j">Handschriftenkunde: Sonstiges</subfield>
   <subfield code="0">(DE-627)106403389</subfield>
  </datafield>
  <datafield tag="951" ind1=" " ind2=" ">
   <subfield code="a">BO</subfield>
  </datafield>
  <datafield tag="990" ind1=" " ind2=" ">
   <subfield code="a">Lyon</subfield>
  </datafield>
  <datafield tag="990" ind1=" " ind2=" ">
   <subfield code="a">Buchmalerei</subfield>
  </datafield>
  <datafield tag="990" ind1=" " ind2=" ">
   <subfield code="a">Geschichte 1473-1530</subfield>
  </datafield>
  <datafield tag="990" ind1=" " ind2=" ">
   <subfield code="a">Lyon</subfield>
  </datafield>
  <datafield tag="990" ind1=" " ind2=" ">
   <subfield code="a">Buchmalerei</subfield>
  </datafield>
  <datafield tag="990" ind1=" " ind2=" ">
   <subfield code="a">Geschichte 1473-1530</subfield>
  </datafield>
  <datafield tag="991" ind1=" " ind2=" ">
   <subfield code="a">Rezensiertes Werk</subfield>
  </datafield>
  <datafield tag="999" ind1=" " ind2=" ">
   <subfield code="a">KXP-PPN1621085481</subfield>
   <subfield code="e">495720490X</subfield>
  </datafield>
 </record>
</collection>
